000 00668nam a22002297a 4500
942 _cBK
999 _c627
_d627
005 20250420134819.0
008 200813b ||||| |||| 00| 0 eng d
020 _a9780198287810
040 _cKCST
082 _a658.4012
_bKa Fo
100 _aKay, J. A. (John Anderson)
_95119
245 _aFoundations of corporate success :
_bhow business strategies add value /
_cJohn A Kay
250 _aReprinting 2001
260 _aOxford u.a. :
_bOxford Univ. Press
_c©1993
300 _a416 p.
650 _aCompany success
_95120
650 _aManagement
_9378
650 _aCorporate policy
_95121
650 _aSuccess planning
_95122
942 _2ddc